000 00978nam a2200301 a 4500
001 BRCA_4563
005 20190320204723.0
008 230910s1950----sp-#######---#000-0#spa-#
041 _aspa
044 _asp
050 4 _aNK6196
_b.L36 1950
245 1 0 _aLámparas, relojes y porcelanas del Palacio Nacional
_cintroducción y notas de Matilde López Serrano ; fotografías Juan Pando.
260 _aMadrid
_bAfrodisio Aguado
_c1950
300 _a175 p.
_bil., 65 láminas
_c19 cm.
440 0 _aArtes decorativas en España
_v1
_911560
500 _aCFG65
504 _aBibliografía: p. 173-174
610 2 4 _aPalacio Nacional (Madrid)
_911561
650 1 4 _aArte decorativo
_zMadrid
_911562
650 1 4 _aLámparas
_97803
650 1 4 _aRelojes
_92227
650 1 4 _aPorcelana
_91509
650 1 4 _aDecoración y ornamentación
_zEspaña
_911563
700 1 _aLópez Serrano, Matilde
_911564
700 1 _aPando, Juan
_eFotógrafo
_911565
902 _aGFM
942 _2lcc
_cB
999 _c4268
_d4268